La teoría general de Keynes, cincuenta años después. (Registro nro. 5368)

Detalles MARC
000 -LEADER
fixed length control field 00767 a2200205 4500
001 - CONTROL NUMBER
control field 54197
005 - DATE AND TIME OF LATEST TRANSACTION
control field 20260407155812.0
008 - FIXED-LENGTH DATA ELEMENTS--GENERAL INFORMATION
fixed length control field 260407a1988 arg spa d
003 - CONTROL NUMBER IDENTIFIER
control field AR-UNSa-BCEJYS
040 ## - CATALOGING SOURCE
Original cataloging agency AR-UNSa-BCEJYS
Language of cataloging spa
Transcribing agency AR-UNSa-BCEJYS
080 ## - UNIVERSAL DECIMAL CLASSIFICATION NUMBER
Universal Decimal Classification number 330.834
Common auxiliary subdivision Keynes y el keynesianismo. Neokeynesianismo. Poskeynesianismo
020 ## - INTERNATIONAL STANDARD BOOK NUMBER
International Standard Book Number 978-950-9109-65-0
100 1# - MAIN ENTRY--PERSONAL NAME
Personal name Tobin, James
245 10 - TITLE STATEMENT
Title La teoría general de Keynes, cincuenta años después.
264 #1 - PRODUCTION, PUBLICATION, DISTRIBUTION, MANUFACTURE, AND COPYRIGHT NOTICE
Place of production, publication, distribution, manufacture Buenos Aires :
Name of producer, publisher, distributor, manufacturer Tesis
Date of production, publication, distribution, manufacture, or copyright notice 1988
300 ## - PHYSICAL DESCRIPTION
Extent 62 p.
Dimensions 20 cm.
505 ## - FORMATTED CONTENTS NOTE
Formatted contents note 1. Conferencia plenaria en la Facultad de Ciencias Económicas, Universidad Nacional de Salta – 2. Entrevista a Jame Tobin, a cargo de Juan C. De Pablo.
590 ## - LOCAL NOTE (RLIN)
Local note niveau_biblio:m niveau_hierar:0
942 ## - ADDED ENTRY ELEMENTS (KOHA)
Koha item type
Existencias
Withdrawn status Lost status Damaged status Not for loan Home library Current library Shelving location Date acquired Total checkouts Full call number Barcode Date last seen Price effective from Koha item type
        Biblioteca Prof. Eusebio Cleto del Rey Biblioteca Prof. Eusebio Cleto del Rey   07/04/2026   330.834 T629 L45620 07/04/2026 07/04/2026 Libro
        Biblioteca Prof. Eusebio Cleto del Rey Biblioteca Prof. Eusebio Cleto del Rey   07/04/2026   330.834 T629 L45621 07/04/2026 07/04/2026 Libro
        Biblioteca Prof. Eusebio Cleto del Rey Biblioteca Prof. Eusebio Cleto del Rey   07/04/2026   330.834 T629 L128648 07/04/2026 07/04/2026 Libro